00304nam a2200121Ia 4500003000400000005001700004008004100021020001800062040002100080100002100101245003500122260002500157OSt20240103123602.0170524s9999 xx 000 0 und d a9788179650646 cIIMT UNIVERSITY  aMISHRA- RAJENDRA 0aDRASHAY SHRAVAY MADHYAM LEKHAN bTAKSHILA : NEW DELHI